[Event "Montreal Mercredi 01"]
[Site "Montreal CAN"]
[Date "2008.01.16"]
[Round "2"]
[White "Tong, Tan Guang"]
[Black "Chesnut, Walter"]
[Result "1/2-1/2"]
[WhiteElo "1389"]
[BlackElo "1452"]
[PlyCount "111"]
[GameId "2160767910549218"]
[EventDate "2008.01.09"]
[EventType "tourn"]
[EventRounds "5"]
[EventCountry "CAN"]
[SourceTitle "EXT 2011"]
[Source "ChessBase"]
[SourceDate "2011.11.26"]
[SourceVersion "1"]
[SourceVersionDate "2011.11.26"]
[SourceQuality "1"]

1. e4 c5 2. Nf3 d6 3. d4 cxd4 4. Nxd4 Nf6 5. Nc3 a6 6. Be3 Ng4 7. Bg5 h6 8. Bh4 g5 9. Bg3 Bg7 10. Be2 Nf6 11. Qd2 Qb6 12. Nb3 Nc6 13. f3 Qc7 14. O-O-O b5 15. h4 Nh5 16. Bf2 gxh4 17. Rxh4 Nf6 18. Be3 h5 19. Bg5 Be6 20. Rdh1 Bxb3 21. axb3 Qa5 22. Nb1 Qa1 23. c3 Na5 24. Bd1 Rc8 25. e5 dxe5 26. Bxf6 Bxf6 27. Rxh5 Rxh5 28. Rxh5 Rd8 29. Qc2 e6 30. Be2 Ke7 31. g4 Rg8 32. Bd3 Bg5+ 33. Kd1 Qa2 34. b4 Nc4 35. Bxc4 Qxc4 36. Qe2 Qf4 37. Nd2 Rd8 38. Rh2 Qg3 39. Rg2 Qh3 40. Rh2 Qg3 41. Rg2 Qf4 42. Kc2 Qf6 43. Ne4 Qg6 44. Kb3 Bf4 45. Nc5 Rd2 46. Qxd2 Bxd2 47. Rxd2 Qb1 48. Ne4 Qa1 49. Nc5 a5 50. Rd7+ Ke8 51. Rd3 a4+ 52. Kc2 Qa2 53. Kc1 a3 54. bxa3 Qxa3+ 55. Kc2 Qa2+ 56. Kc1 1/2-1/2

[Event "Montreal Mercredi 01"]
[Site "Montreal CAN"]
[Date "2008.01.16"]
[Round "2"]
[White "Tremblay, Sigfrid"]
[Black "Robillard, Guillaume"]
[Result "1/2-1/2"]
[WhiteElo "1900"]
[BlackElo "1708"]
[PlyCount "81"]
[GameId "2160767910549220"]
[EventDate "2008.01.09"]
[EventType "tourn"]
[EventRounds "5"]
[EventCountry "CAN"]
[SourceTitle "EXT 2011"]
[Source "ChessBase"]
[SourceDate "2011.11.26"]
[SourceVersion "1"]
[SourceVersionDate "2011.11.26"]
[SourceQuality "1"]

1. e4 c5 2. Nc3 Nc6 3. g3 g6 4. Bg2 Bg7 5. d3 e6 6. Be3 Nd4 7. Nge2 Ne7 8. O-O Nec6 9. Qd2 h6 10. Nd1 d6 11. c3 Nxe2+ 12. Qxe2 O-O 13. f4 Qe7 14. Nf2 f5 15. Rad1 e5 16. Qd2 Kh7 17. fxe5 Nxe5 18. b3 Be6 19. d4 Ng4 20. exf5 Bxf5 21. Nxg4 Bxg4 22. Rxf8 Rxf8 23. Re1 cxd4 24. cxd4 Qd7 25. d5 b6 26. Bd4 Rc8 27. Bxg7 Qxg7 28. Qf4 Qd7 29. h3 Bf5 30. g4 Bd3 31. Qf6 Re8 32. Rxe8 Qxe8 33. Qxd6 Be4 34. Qe6 Qxe6 35. dxe6 Bxg2 36. Kxg2 Kg7 37. Kf3 Kf6 38. b4 b5 39. a3 Kxe6 40. Ke4 g5 41. Kd4 1/2-1/2

[Event "Montreal Mercredi 01"]
[Site "Montreal CAN"]
[Date "2008.01.16"]
[Round "2"]
[White "Zhang, Zhiyuan"]
[Black "Chenard, Yanick"]
[Result "1/2-1/2"]
[WhiteElo "1546"]
[BlackElo "1452"]
[PlyCount "112"]
[GameId "2160767910549221"]
[EventDate "2008.01.09"]
[EventType "tourn"]
[EventRounds "5"]
[EventCountry "CAN"]
[SourceTitle "EXT 2011"]
[Source "ChessBase"]
[SourceDate "2011.11.26"]
[SourceVersion "1"]
[SourceVersionDate "2011.11.26"]
[SourceQuality "1"]

1. e4 d6 2. Nf3 Nf6 3. Nc3 Bg4 4. Be2 Nbd7 5. O-O e5 6. d4 Be7 7. dxe5 dxe5 8. h3 Bh5 9. Bg5 O-O 10. Qd3 Nc5 11. Qxd8 Raxd8 12. Rfe1 h6 13. Bh4 Bxf3 14. Bxf3 Rd2 15. Rac1 c6 16. Red1 Rfd8 17. Kh2 Kf8 18. Bg3 Rxd1 19. Nxd1 Rd2 20. Bxe5 Nfxe4 21. Bf4 Rd8 22. b4 Ne6 23. Bxh6 N4g5 24. Bxg5 Nxg5 25. Bg4 Bxb4 26. Rb1 Bd6+ 27. Kg1 b6 28. Ne3 g6 29. Rd1 f5 30. Be2 Ne4 31. Rd3 Ke7 32. Nc4 Bc5 33. Rf3 Nd2 34. Nxd2 Rxd2 35. Bd3 Kf6 36. g4 a5 37. gxf5 g5 38. Be4 Rd1+ 39. Kg2 Rd6 40. Kg3 Bd4 41. Bd3 c5 42. h4 Be5+ 43. Kh3 gxh4 44. Kxh4 Rd4+ 45. Kh3 Rf4 46. Rxf4 Bxf4 47. Bb5 Kxf5 48. c4 Ke4 49. a4 Kf3 50. Kh4 Kxf2 51. Kg4 Ke3 52. Kf5 Bc7 53. Ke6 Kd4 54. Kd7 Bf4 55. Kc6 Bd2 56. Kxb6 Bb4 1/2-1/2

[Event "Montreal Mercredi 01"]
[Site "Montreal CAN"]
[Date "2008.01.23"]
[Round "3"]
[White "Baran, Marius"]
[Black "Messier, Samuel"]
[Result "1-0"]
[WhiteElo "1580"]
[BlackElo "1592"]
[PlyCount "35"]
[GameId "2160767910549222"]
[EventDate "2008.01.09"]
[EventType "tourn"]
[EventRounds "5"]
[EventCountry "CAN"]
[SourceTitle "EXT 2011"]
[Source "ChessBase"]
[SourceDate "2011.11.26"]
[SourceVersion "1"]
[SourceVersionDate "2011.11.26"]
[SourceQuality "1"]

1. d4 d5 2. c4 c6 3. Nf3 Nf6 4. cxd5 cxd5 5. Nc3 a6 6. Bg5 e6 7. e3 Be7 8. Bd3 O-O 9. O-O Nc6 10. Rc1 Na5 11. Qe2 b5 12. e4 dxe4 13. Nxe4 Bb7 14. Rfd1 Nxe4 15. Bxe7 Qxe7 16. Bxe4 Nc4 17. d5 exd5 18. Bxh7+ 1-0

[Event "Montreal Mercredi 01"]
[Site "Montreal CAN"]
[Date "2008.01.23"]
[Round "3"]
[White "Bergeron, Jean-Guy"]
[Black "Tong, Tan Guang"]
[Result "1-0"]
[WhiteElo "1386"]
[BlackElo "1389"]
[PlyCount "76"]
[GameId "2160767910549223"]
[EventDate "2008.01.09"]
[EventType "tourn"]
[EventRounds "5"]
[EventCountry "CAN"]
[SourceTitle "EXT 2011"]
[Source "ChessBase"]
[SourceDate "2011.11.26"]
[SourceVersion "1"]
[SourceVersionDate "2011.11.26"]
[SourceQuality "1"]

1. c4 e5 2. Nc3 Nf6 3. Nf3 Nc6 4. g3 Bc5 5. e3 O-O 6. Bg2 d6 7. O-O Bg4 8. Qa4 Qd7 9. Re1 Rae8 10. a3 a6 11. b4 Ba7 12. b5 Nb8 13. Qc2 axb5 14. cxb5 e4 15. Nd4 d5 16. f3 exf3 17. Nxf3 d4 18. Nd1 Nd5 19. Ng5 Bf5 20. Qb3 dxe3 21. dxe3 Nf6 22. Kh1 h6 23. Nf3 Bh3 24. Bb2 Bxg2+ 25. Kxg2 Bc5 26. Nf2 Qd5 27. Qc3 Nbd7 28. Rad1 Qe6 29. Rxd7 Qxd7 30. Qxc5 b6 31. Qb4 Re6 32. e4 Ra8 33. Rd1 Qe8 34. e5 Nd7 35. Qf4 Ra5 36. Nd4 Rg6 37. Nd3 Ra8 38. h4 h5 1-0

[Event "Montreal Mercredi 01"]
[Site "Montreal CAN"]
[Date "2008.01.23"]
[Round "3"]
[White "Chenard, Yanick"]
[Black "Marquis, Gerald"]
[Result "1-0"]
[WhiteElo "1452"]
[BlackElo "1533"]
[PlyCount "107"]
[GameId "2160767910549225"]
[EventDate "2008.01.09"]
[EventType "tourn"]
[EventRounds "5"]
[EventCountry "CAN"]
[SourceTitle "EXT 2011"]
[Source "ChessBase"]
[SourceDate "2011.11.26"]
[SourceVersion "1"]
[SourceVersionDate "2011.11.26"]
[SourceQuality "1"]

1. d4 d5 2. c4 e6 3. Nc3 Nf6 4. Nf3 Nbd7 5. Bg5 c6 6. e3 Qa5 7. Bxf6 Nxf6 8. a3 Ne4 9. Qc1 Nxc3 10. Qxc3 Bb4 11. Qxb4 Qc7 12. Be2 a5 13. Qb3 O-O 14. O-O Qe7 15. cxd5 exd5 16. Ne5 Qg5 17. f4 Qh6 18. Rf3 Re8 19. Rg3 Rb8 20. Qc2 g6 21. Bg4 Qg7 22. Bxc8 Rbxc8 23. Rf1 Rc7 24. f5 Kh8 25. fxg6 fxg6 26. Rgf3 Kg8 27. Qc5 Rce7 28. Ng4 Kh8 29. Qc2 Re6 30. Qf2 R6e7 31. Rf8+ Rxf8 32. Qxf8+ Qxf8 33. Rxf8+ Kg7 34. Rb8 Kf7 35. Kf2 Ke6 36. b4 axb4 37. axb4 Kf5 38. Ne5 Ke6 39. g4 Kd6 40. Kg3 Kc7 41. Rf8 Kb6 42. Kf3 Kb5 43. Nd3 Kc4 44. Ke2 Kc3 45. h4 Rc7 46. Rf1 Re7 47. Rc1+ Kb3 48. Rb1+ Kc4 49. Ne5+ Kb5 50. Kd3 Rc7 51. Kc3 Re7 52. Rf1 h5 53. gxh5 gxh5 54. Rf7 1-0

[Event "Montreal Mercredi 01"]
[Site "Montreal CAN"]
[Date "2008.01.23"]
[Round "3"]
[White "Gauthier, Luc"]
[Black "Katch, Gary"]
[Result "0-1"]
[WhiteElo "1772"]
[BlackElo "1817"]
[PlyCount "74"]
[GameId "2160767910549226"]
[EventDate "2008.01.09"]
[EventType "tourn"]
[EventRounds "5"]
[EventCountry "CAN"]
[SourceTitle "EXT 2011"]
[Source "ChessBase"]
[SourceDate "2011.11.26"]
[SourceVersion "1"]
[SourceVersionDate "2011.11.26"]
[SourceQuality "1"]

1. e4 d5 2. exd5 Nf6 3. d4 Nxd5 4. Nf3 Bg4 5. h3 Bxf3 6. Qxf3 e6 7. c3 c6 8. Bd3 Nd7 9. Nd2 Qf6 10. O-O Bd6 11. Ne4 Qxf3 12. Nxd6+ Ke7 13. gxf3 Kxd6 14. c4 Nb4 15. Bf4+ e5 16. dxe5+ Nxe5 17. Bf5 f6 18. Rfd1+ Kc5 19. Be3+ Kxc4 20. Rac1+ Kb5 21. Rc5+ Ka6 22. Kg2 Rad8 23. Bd2 Rd5 24. Rc3 Rhd8 25. Ra3+ Kb5 26. Bxb4 Rxd1 27. Be7 Re8 28. Rb3+ Ka6 29. Bc5 b6 30. Be3 g6 31. Be4 f5 32. Bc2 Rd7 33. Ra3+ Kb7 34. Bf4 Nc4 35. Rc3 b5 36. b3 Nb6 37. a4 Nd5 0-1

[Event "Montreal Mercredi 01"]
[Site "Montreal CAN"]
[Date "2008.01.23"]
[Round "3"]
[White "Maharisoa, Tantely"]
[Black "Zhang, Zhiyuan"]
[Result "0-1"]
[WhiteElo "1510"]
[BlackElo "1546"]
[PlyCount "72"]
[GameId "2160767910549227"]
[EventDate "2008.01.09"]
[EventType "tourn"]
[EventRounds "5"]
[EventCountry "CAN"]
[SourceTitle "EXT 2011"]
[Source "ChessBase"]
[SourceDate "2011.11.26"]
[SourceVersion "1"]
[SourceVersionDate "2011.11.26"]
[SourceQuality "1"]

1. d4 d5 2. c4 c6 3. e3 Nf6 4. Nc3 Bf5 5. Nf3 h6 6. Nh4 Bh7 7. Qb3 b6 8. g3 e6 9. Bg2 Be7 10. Nf3 Nbd7 11. Bd2 O-O 12. O-O Bd3 13. Rfc1 Bxc4 14. Qa4 Qc7 15. b3 Bd3 16. b4 Qb7 17. Bf1 Bxf1 18. Kxf1 a5 19. bxa5 Rxa5 20. Qc2 Ra7 21. a4 c5 22. Rcb1 Qa8 23. Nb5 Rb7 24. a5 bxa5 25. Bxa5 Qb8 26. Nc3 Rxb1+ 27. Rxb1 Qc8 28. Kg1 cxd4 29. exd4 Qa6 30. Bb4 Bxb4 31. Rxb4 Rc8 32. Qb2 Qd3 33. Nb5 Qxf3 34. Na7 Rc3 35. Nb5 Rd3 36. Nd6 Rd1# 0-1

[Event "Montreal Mercredi 01"]
[Site "Montreal CAN"]
[Date "2008.01.23"]
[Round "3"]
[White "Neron, Raynald"]
[Black "Bergeron, Rene"]
[Result "0-1"]
[WhiteElo "1463"]
[BlackElo "1499"]
[PlyCount "52"]
[GameId "2160767910549228"]
[EventDate "2008.01.09"]
[EventType "tourn"]
[EventRounds "5"]
[EventCountry "CAN"]
[SourceTitle "EXT 2011"]
[Source "ChessBase"]
[SourceDate "2011.11.26"]
[SourceVersion "1"]
[SourceVersionDate "2011.11.26"]
[SourceQuality "1"]

1. e4 d5 2. exd5 Qxd5 3. Nc3 Qd6 4. d4 a6 5. Nf3 Bg4 6. Be2 Nc6 7. Be3 e6 8. Qd2 Nf6 9. O-O h6 10. Rad1 O-O-O 11. Bf4 Qd7 12. Be5 Bxf3 13. Bxf6 Bxe2 14. Qxe2 gxf6 15. Ne4 Be7 16. Qh5 f5 17. Nc3 Bd6 18. d5 Ne5 19. dxe6 fxe6 20. Rfe1 Qg7 21. Qe2 Rhg8 22. f4 Nd7 23. Rxd6 cxd6 24. Qc4+ Kb8 25. Re2 d5 26. Qd3 Nc5 0-1

[Event "Montreal Mercredi 01"]
[Site "Montreal CAN"]
[Date "2008.01.23"]
[Round "3"]
[White "Papineau (Montreal), Daniel"]
[Black "Tremblay, Sigfrid"]
[Result "1-0"]
[WhiteElo "1841"]
[BlackElo "1900"]
[PlyCount "57"]
[GameId "2160767910549229"]
[EventDate "2008.01.09"]
[EventType "tourn"]
[EventRounds "5"]
[EventCountry "CAN"]

1. c4 f5 2. Nc3 Nf6 3. g3 e6 4. Bg2 Be7 5. d4 d5 6. Nf3 O-O 7. O-O c6 8. Bf4 Qe8 9. Ne5 Nbd7 10. Qb3 Nxe5 11. Bxe5 Ng4 12. cxd5 exd5 13. Bf4 g5 14. Bd2 Qh5 15. h3 Nf6 16. f4 h6 17. Rae1 Kh8 18. Kh2 b6 19. Nd1 Ne4 20. Bb4 c5 21. dxc5 bxc5 22. Qxd5 Ba6 23. Bxe4 fxe4 24. Bc3+ Kh7 25. Qxe4+ Qg6 26. Qxe7+ Rf7 27. f5 Rxe7 28. fxg6+ Kxg6 29. Rf6+ 1-0

[Event "Montreal Mercredi 01"]
[Site "Montreal CAN"]
[Date "2008.01.23"]
[Round "3"]
[White "Teasdale, Alain"]
[Black "Savard, Alain"]
[Result "0-1"]
[WhiteElo "1557"]
[BlackElo "1628"]
[PlyCount "60"]
[GameId "2160767910549231"]
[EventDate "2008.01.09"]
[EventType "tourn"]
[EventRounds "5"]
[EventCountry "CAN"]
[SourceTitle "EXT 2011"]
[Source "ChessBase"]
[SourceDate "2011.11.26"]
[SourceVersion "1"]
[SourceVersionDate "2011.11.26"]
[SourceQuality "1"]

1. e4 e6 2. d3 c5 3. g3 Nc6 4. Bg2 d5 5. Nd2 Nf6 6. Ngf3 Be7 7. O-O O-O 8. e5 Nd7 9. Re1 Qc7 10. Qe2 f6 11. exf6 Nxf6 12. Nf1 Bd6 13. h3 Bd7 14. N1h2 Rae8 15. Nh4 Nd4 16. Qd1 e5 17. c3 Nf5 18. Nxf5 Bxf5 19. Nf3 Bxd3 20. Qxd3 e4 21. Qd1 exf3 22. Bxf3 Bxg3 23. Bxd5+ Kh8 24. Rxe8 Bxf2+ 25. Kxf2 Ng4+ 26. Ke2 Rxe8+ 27. Kd3 Nf2+ 28. Kc2 Nxd1 29. Kxd1 Qh2 30. Bd2 Qg1+ 0-1

[Event "Montreal Mercredi 01"]
[Site "Montreal CAN"]
[Date "2008.01.23"]
[Round "3"]
[White "Turcotte, Jonathan"]
[Black "Lemieux, Serge"]
[Result "1-0"]
[WhiteElo "1606"]
[BlackElo "1678"]
[PlyCount "95"]
[GameId "2160767910549232"]
[EventDate "2008.01.09"]
[EventType "tourn"]
[EventRounds "5"]
[EventCountry "CAN"]
[SourceTitle "EXT 2011"]
[Source "ChessBase"]
[SourceDate "2011.11.26"]
[SourceVersion "1"]
[SourceVersionDate "2011.11.26"]
[SourceQuality "1"]

1. d4 d5 2. c4 e6 3. Nc3 c6 4. Nf3 Nf6 5. Bg5 dxc4 6. e4 b5 7. e5 h6 8. Bh4 g5 9. Nxg5 hxg5 10. Bxg5 Nbd7 11. exf6 Qa5 12. g3 Bb7 13. Bg2 Bh6 14. Qd2 b4 15. Nb5 Qxb5 16. Bxh6 O-O-O 17. Qg5 c5 18. d5 exd5 19. O-O d4 20. Bxb7+ Qxb7 21. Bg7 Rhg8 22. Qh5 Qc6 23. Rfe1 Rge8 24. Qxf7 Ne5 25. Rxe5 Rxe5 26. Qxc4 Rf5 27. f7 Qf3 28. Rf1 Rxf7 29. Bxd4 Qd5 30. Qxc5+ Qxc5 31. Bxc5 a5 32. Bb6 Rd5 33. Rc1+ Kb7 34. Be3 Rfd7 35. Kg2 Rc7 36. Rxc7+ Kxc7 37. h4 Kd6 38. g4 Ke6 39. Kg3 a4 40. h5 Kf7 41. g5 Kg7 42. Kf3 a3 43. bxa3 bxa3 44. Ke4 Rb5 45. Kd3 Kh7 46. Bc1 Rf5 47. f4 Ra5 48. Kc4 1-0

[Event "Montreal Mercredi 01"]
[Site "Montreal CAN"]
[Date "2008.01.30"]
[Round "4"]
[White "Baran, Marius"]
[Black "Teasdale, Alain"]
[Result "0-1"]
[WhiteElo "1580"]
[BlackElo "1557"]
[PlyCount "100"]
[GameId "2160767910549233"]
[EventDate "2008.01.09"]
[EventType "tourn"]
[EventRounds "5"]
[EventCountry "CAN"]
[SourceTitle "EXT 2011"]
[Source "ChessBase"]
[SourceDate "2011.11.26"]
[SourceVersion "1"]
[SourceVersionDate "2011.11.26"]
[SourceQuality "1"]

1. d4 d5 2. c4 c6 3. Nf3 Nf6 4. Nc3 e6 5. e3 Nbd7 6. Bd2 Bd6 7. b3 O-O 8. Bd3 e5 9. dxe5 Nxe5 10. Nxe5 Bxe5 11. Rc1 dxc4 12. Bxc4 b5 13. Be2 Bf5 14. O-O Rc8 15. Bf3 Qd7 16. e4 Bg6 17. Qe2 Rfe8 18. Rfd1 Qc7 19. Nxb5 Qb8 20. Nc3 Bxh2+ 21. Kh1 Be5 22. Bg5 Bxc3 23. Rxc3 Nxe4 24. Bxe4 Bxe4 25. Qg4 f5 26. Qh4 Qb5 27. Qh5 Bd5 28. Rh3 h6 29. Bxh6 Qe2 30. Be3 Qxh5 31. Rxh5 g6 32. Rh3 a6 33. Bd4 Kf7 34. Rh7+ Ke6 35. Re1+ Kd6 36. Rxe8 Rxe8 37. Ra7 Re4 38. Bb6 Rg4 39. f3 Rh4+ 40. Kg1 Rb4 41. Ba5 Rb5 42. Rxa6 Rb8 43. Ra7 Rg8 44. Kf2 Kc5 45. Bc3 Kb6 46. Ra5 f4 47. b4 g5 48. Be5 Rg6 49. a3 Rg8 50. Bd4+ Kc7 0-1

[Event "Montreal Mercredi 01"]
[Site "Montreal CAN"]
[Date "2008.01.30"]
[Round "4"]
[White "Desmeules, Etienne"]
[Black "Chesnut, Walter"]
[Result "1/2-1/2"]
[WhiteElo "1438"]
[BlackElo "1452"]
[PlyCount "24"]
[GameId "2160767910549234"]
[EventDate "2008.01.09"]
[EventType "tourn"]
[EventRounds "5"]
[EventCountry "CAN"]
[SourceTitle "EXT 2011"]
[Source "ChessBase"]
[SourceDate "2011.11.26"]
[SourceVersion "1"]
[SourceVersionDate "2011.11.26"]
[SourceQuality "1"]

1. d4 d5 2. c4 c6 3. Nc3 Nf6 4. Nf3 dxc4 5. a4 Bf5 6. e3 e6 7. Bxc4 Bb4 8. O-O Nbd7 9. h3 h6 10. Qb3 a5 11. Rd1 O-O 12. Na2 Be7 1/2-1/2

[Event "Montreal Mercredi 01"]
[Site "Montreal CAN"]
[Date "2008.01.30"]
[Round "4"]
[White "Gauthier, Luc"]
[Black "Robillard, Guillaume"]
[Result "1-0"]
[WhiteElo "1772"]
[BlackElo "1708"]
[PlyCount "51"]
[GameId "2160767910549235"]
[EventDate "2008.01.09"]
[EventType "tourn"]
[EventRounds "5"]
[EventCountry "CAN"]
[SourceTitle "EXT 2011"]
[Source "ChessBase"]
[SourceDate "2011.11.26"]
[SourceVersion "1"]
[SourceVersionDate "2011.11.26"]
[SourceQuality "1"]

1. e4 e6 2. d4 d5 3. e5 c5 4. c3 Nc6 5. Nf3 Qb6 6. Bd3 Bd7 7. O-O cxd4 8. cxd4 Nxd4 9. Nxd4 Qxd4 10. Nc3 Ne7 11. Nb5 Qxe5 12. Re1 Qb8 13. Be3 a6 14. Nc3 Bc6 15. Bd4 Qd6 16. Rc1 f6 17. Na4 Bxa4 18. Qxa4+ Kf7 19. Bc5 Qd8 20. Qg4 f5 21. Qf3 g6 22. Qe3 Qd7 23. Bd4 Rg8 24. Rc7 Qxc7 25. Qxe6+ Ke8 26. Qxg8 1-0

[Event "Montreal Mercredi 01"]
[Site "Montreal CAN"]
[Date "2008.01.30"]
[Round "4"]
[White "Giroux, Robert"]
[Black "Papineau (Montreal), Daniel"]
[Result "1/2-1/2"]
[WhiteElo "1875"]
[BlackElo "1841"]
[PlyCount "116"]
[GameId "2160767910549236"]
[EventDate "2008.01.09"]
[EventType "tourn"]
[EventRounds "5"]
[EventCountry "CAN"]

1. e4 e6 2. d4 d5 3. Nc3 Bb4 4. e5 Qd7 5. Qg4 f5 6. Qh5+ Qf7 7. Qxf7+ Kxf7 8. Be3 b6 9. Nge2 Ba6 10. O-O-O Ne7 11. a3 Bxc3 12. Nxc3 c6 13. h4 Bxf1 14. Rhxf1 Nd7 15. f4 a6 16. Ne2 b5 17. b3 a5 18. Kb2 Rhc8 19. h5 Rc7 20. Nc1 c5 21. dxc5 Nxc5 22. Bxc5 Rxc5 23. Nd3 Rc7 24. c3 Nc8 25. Rc1 Nb6 26. g4 g6 27. hxg6+ hxg6 28. gxf5 gxf5 29. Rh1 Rg8 30. Rh7+ Rg7 31. Rxg7+ Kxg7 32. Ka2 Rc8 33. b4 axb4 34. cxb4 Rc4 35. Rxc4 dxc4 36. Nc5 Kf7 37. Na6 Nd5 38. Kb2 Ke7 39. Kc2 Nxf4 40. Nc7 Nd3 41. Nxb5 Nxe5 42. Nd4 Kd7 43. b5 f4 44. Kc3 f3 45. Nc2 Kc7 46. Kd4 f2 47. Ne3 Ng4 48. Nf1 e5+ 49. Kxc4 e4 50. a4 Kb6 51. Kd4 e3 52. Kd3 Ka5 53. Ke2 Kxa4 54. b6 Ne5 55. Nxe3 Kb5 56. Nd5 Kc6 57. Kxf2 Kxd5 58. b7 Nd7 1/2-1/2

[Event "Montreal Mercredi 01"]
[Site "Montreal CAN"]
[Date "2008.01.30"]
[Round "4"]
[White "Katch, Gary"]
[Black "Tremblay, Sigfrid"]
[Result "0-1"]
[WhiteElo "1817"]
[BlackElo "1900"]
[PlyCount "42"]
[GameId "2160767910549237"]
[EventDate "2008.01.09"]
[EventType "tourn"]
[EventRounds "5"]
[EventCountry "CAN"]
[SourceTitle "EXT 2011"]
[Source "ChessBase"]
[SourceDate "2011.11.26"]
[SourceVersion "1"]
[SourceVersionDate "2011.11.26"]
[SourceQuality "1"]

1. e4 d6 2. d4 Nf6 3. Nc3 g6 4. Be3 c6 5. Bd3 Qa5 6. Nf3 Bg7 7. h3 Nbd7 8. O-O O-O 9. Qd2 e5 10. Bh6 Re8 11. Bxg7 Kxg7 12. a3 a6 13. b4 Qc7 14. Rfe1 b5 15. Ne2 exd4 16. Ng3 c5 17. c4 dxc3 18. Qxc3 Bb7 19. Rad1 Kg8 20. Bc2 Rac8 21. Qd2 cxb4 0-1

[Event "Montreal Mercredi 01"]
[Site "Montreal CAN"]
[Date "2008.01.30"]
[Round "4"]
[White "Marquis, Gerald"]
[Black "Maharisoa, Tantely"]
[Result "0-1"]
[WhiteElo "1533"]
[BlackElo "1510"]
[PlyCount "58"]
[GameId "2160767910549238"]
[EventDate "2008.01.09"]
[EventType "tourn"]
[EventRounds "5"]
[EventCountry "CAN"]
[SourceTitle "EXT 2011"]
[Source "ChessBase"]
[SourceDate "2011.11.26"]
[SourceVersion "1"]
[SourceVersionDate "2011.11.26"]
[SourceQuality "1"]

1. e4 c5 2. Nc3 Nc6 3. g3 Nf6 4. Bg2 g6 5. d3 Bg7 6. Be3 d6 7. h3 Rb8 8. Qd2 Qb6 9. Nd1 h5 10. f4 Qc7 11. Nf3 d5 12. e5 d4 13. exf6 dxe3 14. Qxe3 Bxf6 15. Qxc5 b6 16. Qc4 Be6 17. Qe4 Bf5 18. Qc4 Be6 19. Qb5 a6 20. Qxa6 b5 21. Nc3 Nb4 22. Nxb5 Qxc2 23. Qa7 Nxd3+ 24. Kf1 Rxb5 25. Qa8+ Bc8 26. Kg1 Rxb2 27. Ne1 Nxe1 28. Rxe1 O-O 29. Rh2 Qf2+ 0-1

[Event "Montreal Mercredi 01"]
[Site "Montreal CAN"]
[Date "2008.01.30"]
[Round "4"]
[White "Messier, Samuel"]
[Black "Lemieux, Serge"]
[Result "1-0"]
[WhiteElo "1592"]
[BlackElo "1678"]
[PlyCount "71"]
[GameId "2160767910549239"]
[EventDate "2008.01.09"]
[EventType "tourn"]
[EventRounds "5"]
[EventCountry "CAN"]
[SourceTitle "EXT 2011"]
[Source "ChessBase"]
[SourceDate "2011.11.26"]
[SourceVersion "1"]
[SourceVersionDate "2011.11.26"]
[SourceQuality "1"]

1. e4 d6 2. d4 Nf6 3. Nc3 g6 4. f4 Bg7 5. a3 Nbd7 6. Nf3 e6 7. e5 Ng4 8. h3 Nh6 9. g4 b6 10. Be3 Bb7 11. Bd3 c5 12. Ne4 Bxe4 13. Bxe4 d5 14. Bd3 c4 15. Be2 b5 16. Qd2 Ng8 17. f5 h6 18. fxe6 fxe6 19. h4 a5 20. h5 g5 21. Nxg5 hxg5 22. Bxg5 Bh6 23. Bxh6 Nxh6 24. g5 Nf5 25. Rg1 Qb6 26. c3 O-O-O 27. O-O-O Rdg8 28. g6 Qd8 29. Rg5 Nf8 30. Rdg1 Rg7 31. Qf4 Nd7 32. Bg4 Rf8 33. Bxf5 Rxf5 34. Rxf5 exf5 35. h6 Rg8 36. g7 1-0

[Event "Montreal Mercredi 01"]
[Site "Montreal CAN"]
[Date "2008.01.30"]
[Round "4"]
[White "Neron, Raynald"]
[Black "Chenard, Yanick"]
[Result "1-0"]
[WhiteElo "1463"]
[BlackElo "1452"]
[PlyCount "37"]
[GameId "2160767910549240"]
[EventDate "2008.01.09"]
[EventType "tourn"]
[EventRounds "5"]
[EventCountry "CAN"]
[SourceTitle "EXT 2011"]
[Source "ChessBase"]
[SourceDate "2011.11.26"]
[SourceVersion "1"]
[SourceVersionDate "2011.11.26"]
[SourceQuality "1"]

1. e4 d6 2. d4 Nf6 3. Nc3 c6 4. f4 Qa5 5. Bd3 e5 6. Be3 Ng4 7. Qd2 Nxe3 8. Qxe3 Qb6 9. Nge2 Bg4 10. O-O-O exd4 11. Nxd4 Bxd1 12. e5 d5 13. Rxd1 Bc5 14. Nce2 Nd7 15. e6 fxe6 16. Qxe6+ Kd8 17. Bf5 Nf6 18. Qf7 Qc7 19. Ne6+ 1-0

[Event "Montreal Mercredi 01"]
[Site "Montreal CAN"]
[Date "2008.01.30"]
[Round "4"]
[White "Savard, Alain"]
[Black "Turcotte, Jonathan"]
[Result "1-0"]
[WhiteElo "1628"]
[BlackElo "1606"]
[PlyCount "43"]
[GameId "2160767910549241"]
[EventDate "2008.01.09"]
[EventType "tourn"]
[EventRounds "5"]
[EventCountry "CAN"]
[SourceTitle "EXT 2011"]
[Source "ChessBase"]
[SourceDate "2011.11.26"]
[SourceVersion "1"]
[SourceVersionDate "2011.11.26"]
[SourceQuality "1"]

1. e4 d6 2. d4 Nf6 3. Nc3 g6 4. Be3 Bg7 5. Qd2 c6 6. h3 b5 7. Bd3 Nbd7 8. Nf3 a6 9. Bh6 O-O 10. O-O-O c5 11. Bxg7 Kxg7 12. e5 Ne8 13. Be4 Rb8 14. h4 h5 15. g4 hxg4 16. h5 Nc7 17. hxg6 Rh8 18. gxf7 Ne6 19. d5 Nxe5 20. dxe6 Nxf3 21. Bxf3 Bxe6 22. Bxg4 1-0

[Event "Montreal Mercredi 01"]
[Site "Montreal CAN"]
[Date "2008.01.31"]
[Round "5"]
[White "Chenard, Yanick"]
[Black "Bergeron, Rene"]
[Result "1/2-1/2"]
[WhiteElo "1452"]
[BlackElo "1499"]
[PlyCount "53"]
[GameId "2160767910549242"]
[EventDate "2008.01.09"]
[EventType "tourn"]
[EventRounds "5"]
[EventCountry "CAN"]
[SourceTitle "EXT 2011"]
[Source "ChessBase"]
[SourceDate "2011.11.26"]
[SourceVersion "1"]
[SourceVersionDate "2011.11.26"]
[SourceQuality "1"]

1. d4 Nf6 2. c4 e6 3. Nc3 Bb4 4. Nf3 Ne4 5. Qc2 f5 6. a3 Bxc3+ 7. bxc3 c5 8. g3 Qa5 9. Bd2 Nc6 10. Bg2 cxd4 11. cxd4 Nxd2 12. Qxd2 Qxd2+ 13. Kxd2 Na5 14. Kc3 d6 15. Rhd1 Rb8 16. h4 b6 17. Ng5 h6 18. Nh3 Ba6 19. e4 fxe4 20. Bxe4 Bxc4 21. Bg6+ Kd7 22. Nf4 Rhc8 23. Kb2 Ba6 24. d5 Nc4+ 25. Kb3 Na5+ 26. Kb2 Nc4+ 27. Kb3 1/2-1/2